| 000 | 00667nam a22002417a 4500 | ||
|---|---|---|---|
| 003 | UA-OsUOA | ||
| 001 | 70149 | ||
| 007 | ta | ||
| 008 | 20100831b un ||||| |||| 00| 0 ukr d | ||
| 100 | _aДжеферсон Томас | ||
| 090 |
_a94(73) _bД40 |
||
| 942 | _cBK | ||
| 040 |
_aUA-OsUOA _brus _cUA-OsUOA _dUA-OsUOA |
||
| 245 | _aАвтобиография. Заметки о штате Виргиния | ||
| 300 | _a308 с. | ||
| 955 | _a3 | ||
| 041 | _arus | ||
| 080 | _a94(73) | ||
| 020 | _a5-02-027300-7 | ||
| 260 |
_aЛенинград _bНаука _c1990 |
||
| 650 | 7 |
_a9 Географія. Біографії. Історія _2UDC |
|
| 999 |
_c356422 _d356422 |
||